000 00654nam a22002297a 4500
003 UA-OsUOA
001 46691
007 ta
008 20120508b un ||||| |||| 00| 0 ukr d
100 _aВодяний Я.
090 _a09.-82-2
_bВ62
942 _cBK
040 _aUA-OsUOA
_bukr
_cUA-OsUOA
_dUA-OsUOA
245 _aХолодний Яр
_bісторична драма на 4 дії
300 _a63 с.
955 _a3
041 _aukr
080 _a09.-82-2
650 7 _a0 Загальний відділ.
_2UDC
999 _c426786
_d426786